Responses for show #7913 - Wednesday, January 23, 2019

Contestants

[<< previous game]

Tim Edwards, a paralegal from Tulsa, Oklahoma

Rachel Paterno-Mahler, an astrophysicist from Playa del Rey, California

Haley Zapal, a copywriter from Atlanta, Georgia (whose 1-day cash winnings total $27,400)

[next game >>]

Jeopardy! Round responses

POPULAR LITERATURE
BRAND MASCOTS
THERE COMES A TIME
NAMES IN MUSIC
A RHYME FOR FEEL
THE LAST WORD WITH LAWRENCE O'DONNELL
    $200 1
historical fiction

Tim
    $200 3
Monopoly

Rachel
    $200 19
noon

Rachel
    $200 13
Cardi B

Rachel
    $200 7
deal

Rachel
    $200 27
gold

Haley
    $400 8
Harvard

Rachel
    $1,000 2
Target

Tim
    $400 20
dawn

Tim
    $400 14
Halsey

Rachel
    $400 16
cartwheel

Haley
    $400 30
(Alex: And because that was the last category, Lawrence O'Donnell did get the last word.)

an enigma

Haley
    $600 9
(Tim: What are snakes?)
(Alex: Be more specific.)
(Tim: What are [*]?)

cobras

Tim
    $600 4
Mr. Peanut

Rachel
    $600 21
"9 To 5"

Rachel
    $600 15
Kill Bill

Tim
    $600 23
zeal

Haley
    $600 29
perfect

Haley
    $800 10
(Tim: What is Vertigo?)

The Birds

Tim
Triple Stumper
    $800 5
Toucan Sam

Tim
    $800 22
The 11th Hour

Rachel
    $800 18
Childish Gambino

Rachel
    $800 26
keel

Tim
    $800 28
a bicycle

Haley
    $1000 11
(Alex: You just got yourself out of the hole.)

Red Dragon

Haley
    $1000 6
(Rachel: What is Lucerne?)
(Haley: What is Laughing Cow?)

Borden

HaleyRachel
Triple Stumper
    $1000 12
3:00 A.M.

Rachel
    $1000 17
The Weekend

Rachel
    $1000 24
glockenspiel

Haley
    $1000 25
peace

Rachel

Scores at the first commercial break (after clue 15):

Haley Rachel Tim
$0 $2,000 $2,400

Scores at the end of the Jeopardy! Round:

Haley Rachel Tim
$4,000 $6,400 $3,600

Double Jeopardy! Round responses

1970s TV MOVIES
CRIMINOLOGY
(Alex: In each correct response...)
2 OF THE 3 LETTERS ARE VOWELS
WORLD HISTORY
GORGE OF THE JUNGLE
WATCH OUT FOR THAT TREE!
    $400 20
Jane Eyre

Rachel
    $400 6
(Alex: [*], lawyer, yeah.)

an attorney

Tim
    $400 11
a die

Tim
    $400 5
the Aztec

Haley
    $400 30
Victoria

Haley
    $400 25
arrows

Rachel
    $800 21
The Brady Bunch

Rachel
    $800 7
homicide

Tim
    $800 12
a cue

Tim
    $800 1
Rasputin

Haley
    $800 18
(Tim: What is Tenochtitlan?)

Machu Picchu

HaleyTim
    $800 16
pine cone

Tim
    $1200 22
Helter Skelter

Rachel
    $1200 8
interrogation

Tim
    $1200 13
ear

Tim
    $1200 4
a convent

Rachel
    $1200 29
Tanzania

Haley
    $1200 17
(Haley: What is fly?)
...
(Alex: The seed capsules [*]. [Blows rapidly])

explode

Haley
Triple Stumper
    $2,000 23
(Alex: You picked the right director. He made quite an impression with that film.)

Steven Spielberg

Rachel
    $1600 9
embezzlement

Tim
    $1600 14
ail

Rachel
    $1600 3
the Crimean War

Haley
    $1600 28
(Rachel: What is Victoria?)

Queensland

HaleyRachel
    $1600 26
(Rachel: What are needles?)

thorns

Rachel
Triple Stumper
    $2000 24
Sally Field

Rachel
    $2000 10
(Alex: Good, you did well in the category. And that puts you just $200 off the lead.)

deterrent

Tim
    $2000 15
bae

Tim
    $3,000 2
Japan

Haley
    $2000 19
the Canary Islands

Rachel
    $2000 27
hypoglycemia

Tim

Scores at the end of the Double Jeopardy! Round:

Haley Rachel Tim
$12,600 $14,800 $16,000

[wagering suggestions for these scores]

Final Jeopardy! Round responses

20th CENTURY LITERATURE
(Alex: [To Haley] By Margaret Atwood--you are correct.)
HaleyWhat is The Handmaid's Tale
$12,600
RachelWhat is The Handmaid's Tale?
$14,800
TimWhat is Dystopia
$13,601
The Handmaid's Tale

Final scores:

Haley Rachel Tim
$25,200 $29,600 $2,399
2nd place: $2,000 New champion: $29,600 3rd place: $1,000

Game dynamics:

Coryat scores:

Haley Rachel Tim
$11,600 $14,400 $15,400
16 R
(including 1 DD),
2 W
22 R
(including 1 DD),
3 W
18 R
(including 1 DD),
2 W

Combined Coryat: $41,400

The J! Archive is created by fans, for fans. The Jeopardy! game show and all elements thereof, including but not limited to copyright and trademark thereto, are the property of Jeopardy Productions, Inc. and are protected under law. This website is not affiliated with, sponsored by, or operated by Jeopardy Productions, Inc. Join the discussion at JBoard.tv.